| 000 | 00608nam a22002052 4500 | ||
|---|---|---|---|
| 001 | 0000019082 | ||
| 005 | 20151217152144.0 | ||
| 008 | 100908s xx 000 0 eng d | ||
| 020 | _a0567082792 : | ||
| 040 |
_aKSABU _cKABU |
||
| 100 | 1 |
_aGunton, Colin E. _@0000149383 |
|
| 245 | 1 | 0 |
_aTheology through preaching : _bsermons for Brentwood / _cColin E. Gunton. |
| 250 | _a1st ed. | ||
| 260 |
_aLondon : _bT & T Clark, _c2005. |
||
| 300 | _aix, 214 p. | ||
| 650 | 0 |
_aSermons, English. _@0000178694 |
|
| 852 | 1 | _9p300 KES | |
| 908 | _a100908 | ||
| 950 | _@1 | ||
| 999 |
_c8808 _d8808 |
||